[Event "38th TCh-GRE DivA"]
[Site "Peristeri GRE"]
[Date "2010.07.11"]
[Round "7"]
[White "Hnaras,F"]
[Black "Poulopoulos,I"]
[Result "1/2-1/2"]
[WhiteElo "1551"]
[BlackElo "1734"]
[EventDate "2010.07.05"]

1. d4 d5 2. c4 e6 3. Nc3 Be7 4. Nf3 Nf6 5. Bg5 h6 6. Bh4 O-O 7. e3 b6 8.
cxd5 Nxd5 9. Bxe7 Qxe7 10. Nxd5 exd5 11. Be2 Be6 12. O-O c5 13. Rc1 Nd7 14.
dxc5 bxc5 15. Bb5 Rfc8 16. Qa4 Nb6 17. Qa3 Rc7 18. Bd3 Rd8 19. Rfd1 Bg4 20.
Be2 Rcc8 21. h3 Bh5 22. Qb3 Rb8 23. Qa3 Rbc8 24. Qb3 Rb8 25. Qa3 Rdc8 26.
Kf1 Rc7 27. Kg1 Re8 28. Kh1 Rec8 29. Kg1 Qe8 30. Ba6 Bxf3 31. gxf3 Rd8 32.
Rxc5 Rxc5 33. Qxc5 Qa4 34. Be2 Qxa2 35. Qa3 Qxa3 36. bxa3 Rc8 37. Bb5 Kf8
38. Rd4 Ke7 39. a4 Ke6 40. Kg2 Rc5 41. Kg3 g6 42. Kf4 Rc2 43. Kg3 Rc5 44.
Kf4 Rc2 45. Kg3 Rc5 46. Kf4 Rc2 47. Kg3 Ke5 1/2-1/2

[Event "38th TCh-GRE DivA"]
[Site "Peristeri GRE"]
[Date "2010.07.11"]
[Round "7"]
[White "Kryvoruchko,Y"]
[Black "Kritz,L"]
[Result "1/2-1/2"]
[WhiteElo "2609"]
[BlackElo "2618"]
[EventDate "2010.07.05"]

1. e4 e5 2. Nf3 Nc6 3. Bb5 a6 4. Ba4 Nf6 5. O-O b5 6. Bb3 Bc5 7. a4 Rb8 8.
Nxe5 Nxe5 9. d4 Bxd4 10. Qxd4 d6 11. Bf4 O-O 12. Nc3 c5 13. Qe3 c4 14. Ba2
Qb6 15. Qxb6 Rxb6 16. Be3 Rb7 17. axb5 axb5 18. Rad1 b4 19. Nd5 Nxe4 20. f4
b3 21. cxb3 Ng4 22. Bb1 Nxe3 23. Nxe3 Rxb3 24. Nxc4 Rb4 25. Bxe4 Rxc4 26.
Rfe1 Rb4 27. Rxd6 Rxb2 28. Bf3 Bb7 29. Bxb7 Rxb7 1/2-1/2

[Event "38th TCh-GRE DivA"]
[Site "Peristeri GRE"]
[Date "2010.07.11"]
[Round "7"]
[White "Postny,E"]
[Black "Ninov,N"]
[Result "1-0"]
[WhiteElo "2577"]
[BlackElo "2512"]
[EventDate "2010.07.05"]

1. d4 d5 2. c4 e6 3. Nf3 Nf6 4. g3 dxc4 5. Bg2 b5 6. a4 c6 7. Ne5 Nd5 8.
O-O Bb7 9. e4 Nf6 10. Nc3 a6 11. d5 cxd5 12. exd5 Nxd5 13. Qh5 g6 14. Nxg6
fxg6 15. Qe5 Qf6 16. Qxf6 Nxf6 17. Bxb7 Ra7 18. axb5 Rxb7 19. bxa6 Nxa6 20.
Rxa6 Kf7 21. Rc6 Bg7 22. Rxc4 Rd8 23. Re1 Nd5 24. Ne4 Bxb2 25. Nc5 Rb5 26.
Nxe6 Rdb8 27. Nc7 Rb4 28. Rxb4 Nxb4 29. Bxb2 Nd3 30. Bc3 Rb3 31. Ba5 Nxe1
32. Bxe1 g5 33. Nd5 Rb1 34. Kf1 g4 35. Nf4 Kf6 36. h4 gxh3 37. Nxh3 Kf5 38.
f3 h5 39. Ke2 Rb2+ 40. Bd2 Ra2 41. Nf4 Kg5 42. Ng2+ Kf5 43. Nh4+ Kf6 44. f4
Ra3 45. Be3 Ke6 46. Kf3 Kd5 47. Nf5 Ra8 48. Bc1 Ra2 49. Ne3+ Ke6 50. Ng2
Kf5 51. Be3 Ra4 52. Bc5 Kf6 53. Bd6 Ke6 54. Be5 Kf5 55. Ne3+ Ke6 56. Bc3
Kf7 57. f5 Ke7 58. Be5 Kf7 59. Ng2 Rb4 60. Nh4 Ra4 61. Ke3 Rg4 62. Nf3 Ke7
63. Bf4 Rg8 64. Ke4 Ra8 65. Bg5+ Kd6 66. Nd4 Re8+ 67. Kf4 Kd5 68. Ne6 Rg8
69. Bf6 Rg4+ 70. Kf3 Ra4 71. Nf4+ 1-0

[Event "38th TCh-GRE DivA"]
[Site "Peristeri GRE"]
[Date "2010.07.11"]
[Round "7"]
[White "Vuilleumier,A"]
[Black "Stavrianakis,I"]
[Result "1-0"]
[WhiteElo "2361"]
[BlackElo "2249"]
[EventDate "2010.07.05"]

1. e4 c5 2. Nf3 d6 3. d4 cxd4 4. Nxd4 Nf6 5. Nc3 a6 6. Be3 e5 7. Nb3 Be6 8.
Qd2 Nbd7 9. O-O-O Nb6 10. f4 Qc7 11. Bxb6 Qxb6 12. f5 Bxb3 13. axb3 Qa5 14.
Kb1 Rc8 15. Bc4 Be7 16. h3 b5 17. Bd5 h6 18. Bb7 Rc5 19. Nd5 Qxd2 20. Nxf6+
gxf6 21. Rxd2 a5 22. Rf1 O-O 23. Rf3 b4 24. Rg3+ Kh7 25. Bd5 Rg8 26. Rgd3
Kg7 27. Bc4 Rf8 28. Rg3+ Kh7 29. Rdd3 h5 30. Kc1 Kh6 31. Kd1 Kh7 32. Ke2
Kh6 33. Rd1 Kh7 34. Rgd3 Kg7 35. Kf2 Rfc8 36. Kg3 Rxc4 37. bxc4 Rxc4 38.
Kf3 Rxc2 39. R3d2 Rc4 40. b3 Rc3+ 41. Rd3 Rc2 42. R1d2 Rc1 43. Ra2 Bd8 44.
Rxd6 Rc3+ 45. Ke2 Bc7 46. Rd3 Rc1 47. Kd2 Rb1 48. Rg3+ Kf8 49. Rc2 Bb6 50.
Rc6 Bf2 51. Rc8+ Ke7 52. Rg7 Kd7 53. Rf8 Rxb3 54. Rfxf7+ Kc6 55. Rxf6+ Kc5
56. Rd7 Bd4 57. Rd5+ 1-0

[Event "38th TCh-GRE DivA"]
[Site "Peristeri GRE"]
[Date "2010.07.11"]
[Round "7"]
[White "Kalaitzoglou,P"]
[Black "Papadakis,M"]
[Result "0-1"]
[WhiteElo "2201"]
[BlackElo "2207"]
[EventDate "2010.07.05"]

1. e4 c5 2. c3 d5 3. exd5 Qxd5 4. d4 e6 5. Nf3 Nf6 6. Na3 Qd8 7. Nc2 Nc6 8.
Bd3 Be7 9. O-O O-O 10. Qe2 Qc7 11. Bg5 cxd4 12. Ncxd4 Nxd4 13. Nxd4 Nd5 14.
Bxe7 Qxe7 15. Qe4 Nf6 16. Qh4 h6 17. Rfe1 Qc5 18. Qg3 Rd8 19. Rad1 Rd5 20.
Bc2 Bd7 21. f4 Rd8 22. Kh1 Bc6 23. Bb3 R5d6 24. f5 Ne4 25. Rxe4 Bxe4 26.
fxe6 fxe6 27. Re1 Bd5 28. Qe5 Qc8 29. Bc2 Rb6 30. Re3 Rf8 31. h4 Rf1+ 32.
Kh2 Qd8 33. Qg3 Qf6 34. b3 Rf4 35. Kh3 h5 36. Ne2 Bxg2+ 37. Kh2 Rxh4+ 38.
Kxg2 Rg4 0-1

[Event "38th TCh-GRE DivA"]
[Site "Peristeri GRE"]
[Date "2010.07.11"]
[Round "7"]
[White "Markantonaki,H"]
[Black "Stiri,A"]
[Result "1/2-1/2"]
[WhiteElo "2129"]
[BlackElo "2215"]
[EventDate "2010.07.05"]

1. e4 c5 2. Nf3 d6 3. d4 cxd4 4. Nxd4 Nf6 5. Nc3 a6 6. Bc4 e6 7. Bb3 b5 8.
Bg5 Be7 9. Qf3 Qc7 10. e5 Bb7 11. exd6 Bxd6 12. Qe3 Bc5 13. O-O-O Nc6 14.
Qxe6+ fxe6 15. Nxe6 Qe7 16. Rhe1 Qxe6 17. Rxe6+ Ne7 18. f3 Rf8 19. a4 b4
20. Na2 Rd8 21. Rde1 Kd7 22. c3 Ned5 23. cxb4 Nxb4 24. Nxb4 Bxb4 25. Rd1+
Kc8 26. Rxd8+ Rxd8 27. Bxf6 gxf6 28. Rxf6 a5 29. Be6+ Kb8 30. Bf5 h6 31. h4
Rf8 32. Rxf8+ Bxf8 33. Kd2 Be7 34. h5 Bd6 35. Ke3 Bg3 36. Be4 Bxe4 37. Kxe4
Kc7 38. Kf5 Kd6 39. Kg6 Bf4 40. Kf5 Bc1 41. f4 Ke7 42. b3 Bd2 43. Ke5 Bc3+
44. Kf5 Kf7 45. g3 Be1 46. g4 Bc3 47. Ke4 Bd2 48. Kf5 Ke7 49. Ke5 Kd7 50.
Kf5 Kd6 51. g5 Ke7 52. gxh6 Kf7 53. Kg5 Bb4 54. Kf5 Bd6 55. Kg5 Bf8 56. h7
Be7+ 57. Kf5 Bf6 58. h6 Bh8 59. Kg5 Ke6 60. Kg6 Bf6 61. f5+ Ke7 62. h8=Q
Bxh8 63. Kh7 Be5 64. Kg8 Kf6 65. h7 Kxf5 66. b4 axb4 67. a5 b3 68. a6 b2
69. h8=Q Bxh8 70. a7 b1=Q 71. a8=Q Be5 72. Qf3+ Ke6 73. Qf7+ Kd6 74. Qf8+
Kd5 75. Qf7+ Kd4 76. Qd7+ Ke3 77. Qh3+ Kf2 78. Qh4+ Bg3 79. Qd4+ 1/2-1/2

[Event "38th TCh-GRE DivA"]
[Site "Peristeri GRE"]
[Date "2010.07.11"]
[Round "7"]
[White "Malikentzou,N"]
[Black "Tsarouha,Ma"]
[Result "0-1"]
[WhiteElo "1610"]
[BlackElo "1764"]
[EventDate "2010.07.05"]

1. Nf3 c5 2. g3 e6 3. Bg2 Nf6 4. b3 d6 5. e3 Be7 6. d4 cxd4 7. exd4 O-O 8.
O-O Qc7 9. Bb2 Bd7 10. Nbd2 Nc6 11. a3 Rac8 12. c4 a5 13. Rc1 Qb8 14. Qe2
Na7 15. Ne4 b5 16. c5 b4 17. a4 Nxe4 18. Qxe4 Bc6 19. Qd3 dxc5 20. dxc5 Qb7
21. Ne1 Bxg2 22. Nxg2 Rfd8 23. Qe3 Rd5 24. Bd4 Qd7 25. c6 Nxc6 26. Bc5 Rd3
27. Qe4 Bxc5 28. Rxc5 f5 29. Qc4 Rc3 30. Qb5 Rb8 31. Rxc3 Rxb5 32. axb5
bxc3 33. bxc6 Qxc6 34. Ne3 Qb5 35. Rc1 Qxb3 36. Kg2 a4 37. Nd1 a3 38. Nxc3
Qb2 0-1

[Event "38th TCh-GRE DivA"]
[Site "Peristeri GRE"]
[Date "2010.07.11"]
[Round "7"]
[White "Papadogiannis,S"]
[Black "Balokas,D2"]
[Result "1-0"]
[WhiteElo "1946"]
[BlackElo "1997"]
[EventDate "2010.07.05"]

1. e4 c5 2. Nf3 d6 3. d4 cxd4 4. Nxd4 Nf6 5. Nc3 a6 6. h3 e6 7. g4 d5 8.
Bg2 Bb4 9. exd5 Nxd5 10. Nde2 O-O 11. O-O Bxc3 12. Nxc3 Nxc3 13. bxc3 Nc6
14. Qe2 Qa5 15. Bd2 Qe5 16. Qxe5 Nxe5 17. Rfb1 Rd8 18. Bf4 Ng6 19. Be3 Rd7
20. Rb3 Ne7 21. c4 Rc7 22. Rd1 f6 23. Rd8+ Kf7 24. c5 Nd5 25. Bxd5 exd5 26.
Rd3 Rd7 27. Rh8 h6 28. c4 d4 29. Rxd4 Rxd4 30. Bxd4 h5 31. gxh5 Rb8 32. a4
Ke6 33. Kh2 Kf5 34. f3 Kf4 35. h6 gxh6 36. Bxf6 Kxf3 37. Be5 Ra8 38. a5 Ke4
39. Bc7 Kd3 40. Rd8+ Kxc4 41. Bb6 Kb5 42. Kg3 h5 43. Kh4 Kc4 44. Kxh5 1-0

[Event "38th TCh-GRE DivA"]
[Site "Peristeri GRE"]
[Date "2010.07.11"]
[Round "7"]
[White "Dimopoulos,D"]
[Black "Liodakis,K"]
[Result "0-1"]
[WhiteElo "1919"]
[BlackElo "1909"]
[EventDate "2010.07.05"]

1. e4 e6 2. d4 d5 3. Nd2 Nf6 4. e5 Nfd7 5. Bd3 c5 6. c3 Nc6 7. Ne2 Be7 8.
O-O O-O 9. f4 cxd4 10. cxd4 Qb6 11. Nf3 f6 12. exf6 Nxf6 13. Bb1 Bd7 14. h3
Rac8 15. g4 Bd6 16. Kg2 Ne7 17. Ng3 g6 18. Ne5 Bb5 19. Rf2 Bxe5 20. fxe5
Nd7 21. Rxf8+ Rxf8 22. Bh6 Rf7 23. Qd2 Nc6 24. Be3 Qa6 25. Bc2 Nb6 26. Bh6
Kh8 27. a4 Ne7 28. Qd1 Bc6 29. Bd3 Nc4 30. b3 Qb6 31. Ne2 Nxe5 32. a5 Qc7
33. dxe5 Qxe5 34. Qe1 d4+ 35. Kg1 Qd5 36. Nf4 Qh1+ 37. Kf2 Qg2+ 0-1

[Event "38th TCh-GRE DivA"]
[Site "Peristeri GRE"]
[Date "2010.07.11"]
[Round "7"]
[White "Naoum,S"]
[Black "Zeppos,P"]
[Result "1/2-1/2"]
[WhiteElo "1884"]
[BlackElo "1886"]
[EventDate "2010.07.05"]

1. d4 Nf6 2. c4 c5 3. d5 b5 4. cxb5 a6 5. b6 e6 6. Nc3 Nxd5 7. Nxd5 exd5 8.
Qxd5 Nc6 9. Nf3 Rb8 10. g3 Rxb6 11. Bg2 Be7 12. O-O O-O 13. Rd1 d6 14. Bf4
Be6 15. Qd2 d5 16. Rac1 d4 17. b3 Nb4 18. e4 f6 19. Nxd4 Qxd4 20. Qe2 Nd3
21. Rxd3 Qb4 22. Rdc3 a5 23. Be3 a4 24. bxa4 Qxa4 25. Bxc5 Bxc5 26. Rxc5
Qxa2 27. Qxa2 Bxa2 28. Rc7 Rf7 29. Rc8+ Rf8 30. Bf1 Rxc8 31. Rxc8+ Kf7 32.
Rc7+ Kg6 33. Re7 Bb1 34. e5 fxe5 35. Rxe5 Bf5 36. h3 Rb1 37. Kg2 Bxh3+ 38.
Kxh3 Rxf1 39. f4 Rf2 40. Kg4 Kf6 41. Ra5 Rc2 42. Ra6+ Kf7 43. Rb6 Rc3 44.
Ra6 Rc2 45. Ra3 Kf6 46. Rb3 Kf7 47. Kf3 Kf6 48. g4 Rc1 49. Rb6+ Kf7 50. Ke4
Rc4+ 51. Kf3 Rc3+ 52. Kg2 Ra3 53. Rb2 Kf6 54. Rb6+ Kf7 55. g5 Rc3 56. Ra6
Rb3 57. Ra7+ Kg6 58. f5+ Kxg5 59. Rxg7+ Kxf5 60. Rxh7 Rb2+ 61. Kf3 1/2-1/2

[Event "38th TCh-GRE DivA"]
[Site "Peristeri GRE"]
[Date "2010.07.11"]
[Round "7"]
[White "Goumas,G"]
[Black "Tsiamis,K"]
[Result "1/2-1/2"]
[WhiteElo "2298"]
[BlackElo "2290"]
[EventDate "2010.07.05"]

1. e4 e6 2. d4 d5 3. Nd2 dxe4 4. Nxe4 Nd7 5. Nf3 Ngf6 6. Bg5 Be7 7. Nxf6+
Nxf6 8. Bd3 O-O 9. O-O c5 10. c3 b6 11. Qe2 Bb7 12. Ba6 Bxa6 13. Qxa6 Qc8
14. Qb5 Rd8 15. Rad1 Qc7 16. dxc5 Qxc5 17. Qxc5 Bxc5 18. Bxf6 gxf6 19. g4
Kf8 20. Kg2 Rxd1 21. Rxd1 Ke7 22. h3 Rd8 23. Rxd8 Kxd8 24. Nd2 Kd7 25. Kf3
Kc6 26. Ke2 Kd5 27. f4 Bd6 28. Kf3 Bc5 29. Ne4 Be7 30. Ke3 Bd8 31. Kd3 Be7
32. Ke3 Bd8 1/2-1/2

[Event "38th TCh-GRE DivA"]
[Site "Peristeri GRE"]
[Date "2010.07.11"]
[Round "7"]
[White "Balogh,C"]
[Black "Kapnisis,S"]
[Result "0-1"]
[WhiteElo "2628"]
[BlackElo "2514"]
[EventDate "2010.07.05"]

1. e4 e5 2. Nf3 Nc6 3. Bb5 a6 4. Ba4 Nf6 5. O-O b5 6. Bb3 Bc5 7. a4 Bb7 8.
c3 d6 9. d4 Bb6 10. Bg5 h6 11. Bxf6 Qxf6 12. Bd5 O-O 13. dxe5 dxe5 14. Qe2
bxa4 15. Na3 Rad8 16. Qc2 Bc8 17. Bxc6 Qxc6 18. Nxe5 Qe6 19. Nac4 Bb7 20.
Rxa4 f5 21. exf5 Rxf5 22. Nxb6 Rxe5 23. Nc4 Re2 24. Qb3 Bd5 25. Qd1 Rd7 26.
Ne3 Rxe3 27. fxe3 Qxe3+ 28. Rf2 Bc4 29. Qf3 Qc1+ 30. Rf1 Bxf1 31. Qa8+ Kh7
32. Qe4+ g6 0-1

[Event "38th TCh-GRE DivA"]
[Site "Peristeri GRE"]
[Date "2010.07.11"]
[Round "7"]
[White "Sandalakis,A"]
[Black "Managadze,N"]
[Result "1-0"]
[WhiteElo "2343"]
[BlackElo "2461"]
[EventDate "2010.07.05"]

1. e4 c5 2. Nf3 d6 3. d4 cxd4 4. Nxd4 Nf6 5. Nc3 a6 6. Be2 e6 7. O-O Be7 8.
a4 Nc6 9. Be3 Qc7 10. f4 O-O 11. Kh1 Nxd4 12. Qxd4 Nd7 13. Rfd1 b6 14. Bf3
Rb8 15. Qd2 Rd8 16. Ne2 Bb7 17. Ra3 Rbc8 18. Rc3 Qb8 19. Rb3 Qa8 20. Nc3
Rc6 21. e5 d5 22. a5 b5 23. Ne2 Nc5 24. Bxc5 Bxc5 25. Rd3 b4 26. f5 Qb8 27.
Qf4 Qc7 28. f6 gxf6 29. Qg4+ Kh8 30. exf6 Rg8 31. Qh5 Rg6 32. Be4 Kg8 33.
Bxg6 fxg6 34. Qg5 Qf7 35. c3 bxc3 36. Rxc3 Bd6 37. Rxc6 Bxc6 38. Nd4 Bd7
39. Nf3 h6 40. Qxh6 Qxf6 41. Qd2 Kg7 42. Re1 Qf4 43. Qxf4 Bxf4 44. b4 Kf6
45. Nd4 Be5 46. Rd1 Ke7 47. g4 Bd6 48. b5 axb5 49. Rc1 Bf4 50. a6 Bxc1 51.
a7 Be3 52. a8=Q Bxd4 53. Qa3+ Kd8 54. Qd3 e5 55. Qxg6 b4 56. Qd6 Bc3 57. g5
e4 58. Qxd5 e3 59. Qd3 e2 60. Qxe2 b3 61. Qd3 b2 62. h4 Ke7 63. h5 Be6 64.
Qb1 Bg4 65. h6 Ke6 66. Qe4+ Kd6 67. Kg1 Be6 68. Qd3+ Bd5 69. g6 Bd4+ 70.
Kh2 Ke7 71. g7 Be5+ 72. Kh3 Be6+ 73. Kg2 Kf7 74. Qh7 Kf6 75. g8=Q Bxg8 76.
Qg7+ Kf5 77. Qxg8 1-0

[Event "38th TCh-GRE DivA"]
[Site "Peristeri GRE"]
[Date "2010.07.11"]
[Round "7"]
[White "Delithanasis,D"]
[Black "Azis,A"]
[Result "1-0"]
[WhiteElo "2210"]
[BlackElo "2120"]
[EventDate "2010.07.05"]

1. Nf3 f5 2. b3 Nf6 3. g3 b6 4. Bg2 Bb7 5. O-O e6 6. c4 Be7 7. Bb2 O-O 8.
d3 Qc8 9. Nbd2 d6 10. Rc1 Nbd7 11. a3 Ng4 12. h3 Bf6 13. d4 Nh6 14. Qc2 c5
15. e3 g6 16. Rfe1 Re8 17. b4 Bg7 18. e4 Qc7 19. dxc5 bxc5 20. Bxg7 Kxg7
21. exf5 gxf5 22. Ng5 e5 23. Bd5 Kf6 24. f4 cxb4 25. axb4 Bxd5 26. cxd5
Qb6+ 27. Kh1 Qxb4 28. Ndf3 Rac8 29. Qa2 Rxc1 30. Rxc1 exf4 31. Rc4 Re1+ 32.
Kg2 Qb1 33. Qd2 Rh1 34. Qe2 Ne5 35. Rxf4 Rc1 36. Ne4+ Kg7 37. Nxd6 Ng6 38.
Ne8+ Kf8 39. Rd4 Rc2 40. Nd2 Rc1 41. Nf6 Rg1+ 42. Kf2 Qd1 43. Nxh7+ Kg7 44.
Qxd1 Rxd1 45. Ng5 Nf7 46. Ne6+ 1-0

[Event "38th TCh-GRE DivA"]
[Site "Peristeri GRE"]
[Date "2010.07.11"]
[Round "7"]
[White "Papadopoulos,N"]
[Black "Savoglou,N"]
[Result "1/2-1/2"]
[WhiteElo "2105"]
[BlackElo "1933"]
[EventDate "2010.07.05"]

1. e4 e6 2. d4 d5 3. Nc3 Nf6 4. Bg5 Bb4 5. e5 h6 6. Bd2 Bxc3 7. bxc3 Ne4 8.
Nf3 c5 9. Bd3 Nxd2 10. Qxd2 c4 11. Be2 Bd7 12. h4 Bc6 13. Qf4 Nd7 14. h5
Qe7 15. a3 O-O-O 16. Rh3 Rdf8 17. Qg4 Rhg8 18. Nh4 Qd8 19. f4 Qb6 20. Kd2
Qb2 21. Rf1 Nb6 22. f5 Bd7 23. Rhf3 Qxa3 24. Qf4 exf5 25. Nxf5 Bxf5 26.
Qxf5+ Kb8 27. e6 f6 28. Qf4+ Ka8 29. Re3 Qe7 30. Bg4 Nc8 31. Bf5 Nd6 32. g4
Rd8 33. Rb1 Ne8 34. Ree1 Rd6 35. Re2 Nc7 36. Qg3 a5 37. Ra1 Ra6 38. Qf3 a4
39. Ra2 Rd8 40. Ra1 a3 41. Ra2 Rdd6 42. Ra1 a2 43. Qh1 Rdb6 44. Re3 Rb5 45.
Qe1 Rba5 46. Qg3 Kb8 47. Qh2 b5 48. Ke2 Rb6 49. Kf2 b4 50. cxb4 Rxb4 51.
Qg1 Rb2 52. Qe1 Qb4 53. Qxb4+ Rxb4 54. e7 Rb1 55. e8=Q+ Nxe8 56. Rxe8+ Kc7
57. Re1 Rxe1 58. Kxe1 c3 59. Ke2 Kd6 60. Ke3 Ra4 61. Bd3 Kc6 62. Bg6 Kd7
63. Kd3 Ra3 64. Bf7 Kd6 65. Be8 Ke7 66. Bb5 Kd6 67. Be8 Ke6 1/2-1/2

[Event "38th TCh-GRE DivA"]
[Site "Peristeri GRE"]
[Date "2010.07.11"]
[Round "7"]
[White "Petraki,M"]
[Black "Paganoglou,A"]
[Result "1-0"]
[WhiteElo "2067"]
[BlackElo "1974"]
[EventDate "2010.07.05"]

1. e4 c5 2. Nc3 e6 3. f4 b6 4. Nf3 Bb7 5. Be2 Nf6 6. d3 d5 7. e5 Nfd7 8.
O-O Be7 9. Qe1 O-O 10. Qg3 f5 11. exf6 Bxf6 12. Bd2 Nc6 13. Rae1 Nd4 14.
Bd1 Nf5 15. Qh3 Qe7 16. g4 Nd4 17. g5 Nxf3+ 18. Bxf3 Bxc3 19. bxc3 e5 20.
Bg4 Bc6 21. Be6+ Kh8 22. f5 Rae8 23. g6 Nf6 24. Bg5 h6 25. Bxh6 gxh6 26.
Qxh6+ Nh7 27. f6 1-0